000 00383nam a2200133Ia 4500
008 220217s9999||||xx |||||||||||||| ||und||
020 _a81-7853-095-3
082 _a005.13 MAR
100 _aMarshall, Donis
_95368
245 0 _aProgramming microsoft visual C# 2005: the language
260 _aWP publishers
_bBangalore
_c2007
300 _b599
650 _aPROGRAMMING LANGUAGE
999 _c176289
_d176289